[Event "Pamplona"]
[Site "Pamplona"]
[Date "2003.12.20"]
[Round "1"]
[White "Romero Holmes, Alfonso"]
[Black "McShane, Luke J"]
[Result "1/2-1/2"]
[WhiteElo "2544"]
[BlackElo "2649"]
[Annotator "McShane,L"]
[PlyCount "41"]
[EventDate "2003.12.20"]
[EventType "tourn"]
[EventRounds "7"]
[EventCountry "ESP"]
[EventCategory "15"]
[SourceTitle "CBM 099"]
[Source "ChessBase"]
[SourceDate "2004.03.30"]
[SourceVersion "1"]
[SourceVersionDate "2004.03.30"]
[SourceQuality "1"]

1. e4 c5 2. Nf3 Nc6 3. Nc3 d6 4. d4 cxd4 5. Nxd4 e5 6. Nf3 Be7 7. Bc4 Nf6 (7...
Be6 8. Bxe6 fxe6 9. Ng5 $5 Nd4 $13) 8. Qd3 (8. Bg5 $5) 8... h6 {8.Qd3 hints at
Bg5 and 0-0-0, so I prevented it. Playing with Be3 is not especially effective,
especially with my pawn on a7.} 9. Nd5 Be6 10. O-O O-O 11. c3 (11. a3 $5 {
[%cal Yc4a2]}) 11... Qd7 (11... Kh8 $5 12. Nxf6 (12. Rd1 Na5 $1) 12... Bxf6 13.
Rd1 $14) 12. b3 $5 {[%csl Rd6][%cal Yc1a3]} Bxd5 13. Bxd5 (13. exd5 $6 e4 (
13... Nb8 $5) 14. dxc6 bxc6 15. Qe2 exf3 16. Qxf3 d5 $11) 13... Bd8 $5 {
[%csl Gb6,Yd5][%cal Yd8b6,Yc6e7]} 14. Ba3 Bc7 (14... Ne7 $2 15. Bc4 $1 {
This move is rather difficult to deal with, though neither of us noticed it.} (
15. Bxd6 Nexd5 16. Bxf8 Kxf8 17. Nxe5 Qe6 18. exd5 (18. Nxf7 $5 Qxe4 19. Qxe4
Nxe4 20. Nxd8 Rxd8 21. c4 Ndc3 22. Rfe1 Rd2 $140 23. Re3 $1 $16 {[%csl Rc3,Ge3,
Re4][%cal Ye3c3,Ye3e4]}) 18... Qxe5 19. d6 $5 (19. Rad1 Bb6 20. Rfe1 (20. c4
Bc5 $15) 20... Bxf2+ $1 $11 21. Kxf2 Ng4+ 22. Kf3 $8 (22. Kg1 Qxh2+ 23. Kf1
Qh1+ 24. Ke2 Qxg2#) (22. Kf1 Qf4+ 23. Kg1 (23. Qf3 Nxh2+ $19) 23... Qxh2+ 24.
Kf1 Qh1+ 25. Ke2 Qxg2#) 22... Nxh2+ 23. Kf2 Ng4+ 24. Kf3 $11) 19... Bb6 20.
Rad1 Ne4 $132) 15... a6 (15... d5 16. Bxe7 Bxe7 17. Bxd5 $16) (15... Bc7 16.
Nxe5 $1 $16 {[%csl Re7][%cal Ya3e7]}) 16. Bxd6 b5 17. Bxf7+ Rxf7 18. Nxe5 Qe6
19. Nxf7 $16) (14... Bb6 15. Bxd6 $16) 15. Nh4 (15. Rad1 Rad8 $13 16. Nh4 Ne7
17. Bxb7 Bb6 18. Ba6 (18. Qxd6 Qxb7 19. Qxe7 Qxe4 20. Nf3 {Fritz says is good
for White.}) 18... Qg4 19. Nf5 Nxf5 20. exf5 {Fritz likes White, but I feel
Black should have decent chances.}) 15... Nxd5 (15... Ne7 16. Bxb7 Rab8 17. Ba6
Qg4 18. Nf5 (18. Qc4 $5) 18... Nxf5 19. exf5 {and again I feel Black should
get good play, though Fritz disagrees.}) 16. Qxd5 Ne7 17. Qxb7 Rfb8 (17... a5 {
[%csl Rb7][%cal Yf8b8]} 18. Nf5 $1 $16) 18. Qa6 Qg4 $132 19. Nf5 (19. Nf3 Qxe4
$132) (19. Qc4 Rc8 $1 (19... Qxh4 20. Qxc7 Ng6 {[%csl Re4,Rg2][%cal Yg6f4,
Yh4e4]}) 20. g3 $5 (20. Nf3 Ba5 21. Qa4 (21. h3 $5) 21... Bxc3 22. Rad1 Ng6 23.
h3 Qh5 {[%cal Yg6f4] and I thought this promised good chances, though again
Fritz prefers White after} 24. Qd7 $1 {[%cal Yd7g4]}) (20. Nf5 Nxf5 21. exf5
Qxc4 (21... Qxf5 22. Qd5 $14) 22. bxc4 Bb6 $1 23. Bxd6 f6 $44 {[%csl Gb6,Rc3,
Rc4] Black has full compensation. White can probably keep the c3 pawn, but his
Rs will be so passive that Black will have no problems. He must also look out
for h6-h5, isolating the f5 pawn}) 20... Ba5 21. Qd3 (21. Qa4 Bxc3 22. Rad1 Bd4
23. Bxd6 Bxf2+ $1 $17) 21... Bxc3 22. Rac1 Bd4 23. Bxd6 $140 $2 (23. Nf3 $142
Nc6 $132) 23... Rd8 $1 $19 {[%csl Rd3,Rd6,Gd8][%cal Yd8d3,Yd4f2]}) 19... Nxf5
20. exf5 Qxf5 21. Qc6 {White is probably a fraction better.} (21. Rad1 {
was the move he was about to play, but} Qc2 $1 {is annoying.} 22. Bb4 Bb6 $5
23. Rd5 (23. Rxd6 Rd8 $44)) (21. Qc6 Rc8 22. c4 (22. Bxd6 Bxd6 23. Qxd6 Rxc3
$11) 22... Bb6 (22... e4 $6 23. Bxd6 $1 Bb6 24. Qb7) 23. Qd5 $1 (23. Qxd6 Rd8
$44) 23... Bd4 24. Rac1 (24. Rad1 Qc2 25. Bxd6 Qxa2 26. Rd3 Rd8 27. Rf3 Kh8 28.
c5 $36) 24... Rd8 25. Bxd6 Qd3 26. Kh1 $1 Qg6 27. c5 Bxc5 28. Rxc5 Qxd6 29.
Qxd6 (29. Qxe5 Qa6 $11) 29... Rxd6 30. Rxe5 Rd2 31. Ra5 $14) 1/2-1/2

[Event "EU-ch 11th"]
[Site "Rijeka"]
[Date "2010.03.16"]
[Round "10"]
[White "Sulskis, Sarunas"]
[Black "Gallagher, Joseph G"]
[Result "1-0"]
[WhiteElo "2572"]
[BlackElo "2486"]
[Annotator "Mikhalchishin,A"]
[PlyCount "107"]
[EventDate "2010.03.06"]
[EventType "swiss"]
[EventRounds "11"]
[EventCountry "CRO"]
[SourceTitle "CBM 136"]
[Source "ChessBase"]
[SourceDate "2010.05.18"]
[SourceVersion "1"]
[SourceVersionDate "2010.05.18"]
[SourceQuality "1"]

1. e4 c5 2. Nf3 d6 3. d4 cxd4 4. Nxd4 Nf6 5. Nc3 Nc6 6. Bc4 Qb6 7. Be3 $5 {
Dreamed up by the great inventor Dragoljub Velimirovic. The pawn sacrifice is
very risky and a few years ago this variation became popular. At the moment
theory is strangely not very well developed.} Qxb2 8. Ndb5 ({The other knight
move is too risky and tricky:} 8. Ncb5 Qb4+ 9. c3 Qxc4 10. Nc7+ Kd8 11. Nxa8
Qxc3+ 12. Kf1 Bg4 (12... Ng4 $1 {is stronger.}) 13. Nxc6+ bxc6 14. Qb1 Qc4+ $2
(14... Nd7 {keeps the b8-square under control and guarantees Black a clear
advantage, as the knight on a8 has no prospects.}) 15. Kg1 Qa6 16. Qb8+ Bc8 17.
Qc7+ Ke8 18. Nb6 $1 {this move is winning.} Qb7 (18... axb6 19. Bxb6 {leeds to
huge problems for Black.}) 19. Qxc8+ Qxc8 20. Nxc8 Kd7 21. Nxa7 Nxe4 22. f3 Nc3
23. Kf2 Nd5 24. Rhc1 Nxe3 25. Kxe3 c5 26. Rab1 g6 27. Rb7+ Ke6 28. Kd3 Bh6 29.
Re1+ Kd5 30. Rexe7 c4+ 31. Kc2 Bf4 32. Rxf7 g5 33. g3 Be5 34. Rxh7 Rf8 35. Rb5+
Ke6 36. Rh6+ Kf5 37. Rxd6 {1-0 Mairena,M-Eng,K (2135)/Parsippany NJ USA 2003})
8... Qb4 9. Qe2 {Igor Zaitsev's improvement to the variation.} ({Velimirovic
played the weaker} 9. Bd3 $6 {, but this move is practically unplayable:} Qa5
10. Rb1 e6 11. Rb3 Qd8 12. O-O Be7 13. f4 O-O 14. Qf3 e5 15. f5 a6 16. Na3 b5
17. Nd5 Nxd5 18. exd5 Nd4 {with a serious black advantage.}) 9... Qa5 ({
The capture of the second pawn is very risky:} 9... Nxe4 10. Bxf7+ (10. Bd4 {
is weak:} Nxd4 $1 11. Qxe4 Nxc2+ $1 (11... e5 $1 12. O-O-O $1 Qxc4 13. Rxd4 Qc6
14. Nd5 $1 Be6 (14... Kd8 15. Rb4 $5 Be6 16. Rd1 $44) 15. Nbc7+ Kd8 {Dubinski,
R (2210)-Grachev,I (2265)/Moscow 1996} 16. Rc4 Bxd5 17. Nxd5 Qa6 18. Rc7 {
with a strong initiative for the sacrificed material.}) 12. Kd1 $1 Bf5 $1 (
12... f5 13. Nc7+ Kd8 14. Qxc2 $1) 13. Bxf7+ $1 (13. Qxf5 Qxc4 $40) 13... Kd8
$1 14. Qxf5 Nxa1 15. Be8 $1 Kxe8 16. Nc7+ Kd8 17. Ne6+ Ke8 $11) 10... Kd8 $146
11. a3 Nxc3 12. axb4 Nxe2 13. Kxe2 e6 (13... g6 14. Nxa7 Rxa7 15. Rxa7 $1 (15.
Bb6+ Kd7 16. Rxa7 e6 $1 $13) (15. Bxa7 e6 $13 {- 13...e6}) 15... Nxa7 16. Bb6+
Kd7 17. Bd4 e5 18. Bxa7 $14) 14. Rhd1 ({Maybe} 14. Nxa7 {was no weaker:} Rxa7
$1 15. Bxa7 g6 16. Bb6+ Kd7 (16... Ke7 17. b5 Ne5 18. Bd4 Bh6 19. f4 Nxf7 20.
Bxh8 Nxh8 21. Ra8 Kd7 22. Rd1 $14) 17. b5 Ne5 18. Ra4 Be7 19. Bd4 Nxf7 20. Bxh8
Nxh8 21. c4 Nf7 $13) 14... a6 15. Bh5 d5 (15... Nxb4 $142 16. Nxd6 Bxd6 17.
Rxd6+ Kc7 18. Bf4 Nc6 $1 19. Rxe6+ Kb6 20. Rd6 $14) 16. Bb6+ Kd7 (16... Ke7 17.
Nc7 Rb8 18. c4 (18. Ra3 g6 19. Bg4 Bg7 $13) 18... dxc4 (18... Nxb4 19. Ba7 $16)
19. Ra3 $1 $16) 17. Nc7 Rb8 18. c4 Nxb4 19. cxd5 exd5 20. Rac1 $16 {Szabo,G 
(2440)-Miroshnichenko,E (2634)/Istanbul 2005}) ({Not recommended is another
knight move:} 9... Ne5 $5 10. Bb3 a6 11. Bd2 $1 (11. Nc7+ Kd8 12. Bd2 Kxc7 13.
Nd5+ Nxd5 14. Bxb4 Nxb4 $40) 11... axb5 12. Nxb5 Qc5 13. Be3 Qb4+ $11 (13...
Qc6 14. Bd5 Qd7 15. Bb6 $1)) ({But a very interesting move which requires to
be tested is} 9... Bg4 10. f3 Nxe4 11. O-O Nxc3 12. Nxc3 Qxc3 (12... Be6 $5)
13. fxg4 e6 14. Rab1 Be7 15. Rxb7 O-O 16. Bb5 Bf6 17. Qf2 Qxe3 18. Qxe3 Bd4 19.
Bxc6 Bxe3+ 20. Kh1 Rac8 {with a big advantage.}) 10. O-O $146 {It can be the
new revival of the gambit line.} ({More than 10 years ago in Russia and in
Poland huge practical testing was done by the masters Pinski and Dubinski (one
is a famous journalist in Poland, the other a famous lawyer in Moscow!)} 10.
Bd2 Qd8 11. Nd5 Nxd5 12. exd5 Ne5 13. f4 ({Another option in some way is
losing a tempo} 13. Bb3 a6 14. f4 (14. Nd4 Qc7 15. f4 Nd7 16. O-O g6 17. Rae1
Nf6 18. Kh1 Bg7 19. Ba5 Qd7 20. Ba4 b5 21. Nxb5 O-O 22. Nc3 Qa7 23. Qxe7 Bd7
24. Bxd7 Nxd7 25. Qxd6 Rfc8 26. Qa3 Qd4 27. Qa4 Qxa4 28. Nxa4 Rxc2 {Renteria
Becerra,J (2215)-Minaya Molano,J (2260)/Bogota 1997/EXT 1998/1/2-1/2 (34)})
14... Ng4 15. Na3 (15. Nd4 Nf6 16. O-O g6 17. Rae1 Qb6 18. c3 (18. Be3 Qc7 19.
c4 {is more serious, as it is taking some additional space.}) 18... Qc5 19. Kh1
Bg4 20. Qd3 Bd7 21. f5 Bg7 22. Bg5 Kf8 23. Qe3 {1-0 Pourkashiyan,A (2241)
-Krush,I (2452)/Beijing CHN 2008. with compensation for the pawn.}) 15... Nf6 {
The variation was tested intensively by Polish IM Jan Pinski - with
exceptional results.} (15... Qc7 $6 16. Nc4 b5 17. Ba5 Qc5 18. Nb6 Rb8 19. Nxc8
Qxc8 20. c4 $1 $16 {Pinski,J (2295)-Galliamova Ivanchuk,A (2445)/Koszalin 1997}
) (15... g6 16. Bc3 Rg8 17. Nc4 (17. O-O $2 Qb6+ 18. Kh1 Qc5 $1 19. Nc4 b5 20.
Bd4 Qxd4 21. Nxd6+ Kd8 22. Nxc8 Nh6 $1 $19) 17... b5 $1 18. h3 $1 (18. Ba5 $2
Qd7 19. Nb6 Qc7 20. a4 Bg7 $1 {><b6, a5}) 18... bxc4 19. Ba4+ Bd7 20. Bxd7+
Qxd7 21. hxg4 h5 $2 (21... Bg7 22. Bxg7 Rxg7 23. Qxc4 $13) 22. gxh5 gxh5 23.
Rxh5 $16 {Pinski,J (2245)-Shishkin,V (2425)/Nadole 1997}) (15... f5 16. Nc4 b6
17. Bc3 Kf7 18. O-O Nf6 19. Ne5+ dxe5 20. fxe5 Nxd5 21. e6+ Kg8 22. Rxf5 Nxc3
23. Qf3 h6 24. Rf1 Bb7 25. Qxb7 Kh7 {1/2 Cela,A (2482)-Fedorowicz,J (2517)/New
York USA 2004}) 16. Nc4 Bg4 17. Qd3 b5 18. Na5 (18. Ne3) 18... Bd7 19. a4 g6
20. Nc6 Bxc6 21. dxc6 Bg7 22. axb5 O-O 23. c4 (23. Rxa6 Rxa6 24. bxa6 Qb6 $44)
23... Nd7 {'!' Cvetkovic,Sr.} 24. Ba5 Nc5 25. Qc2 Qb8 {'-/+' Cvetkovic,Sr.} 26.
Bc3 Bxc3+ 27. Qxc3 Qb6 {Hector,J (2537)-Kotronias,V (2570)/Malmo 2007/CBM 118/
0-1 (41)}) 13... Bg4 14. Nxd6+ Qxd6 (14... exd6 15. Bb5+ Ke7 (15... Bd7 16.
fxe5 dxe5 17. Qxe5+ Qe7 18. Qxe7+ Bxe7 19. Bd3 $1 Bc5 20. O-O-O $11 {1/2
Pinski,J (2245)-Varga,P (2395)/Budapest 1997}) 16. Qe4 f5 17. Qe3 Qb6 18. Qxb6
axb6 19. fxe5 dxe5 20. O-O Kf6 21. h3 Bc5+ 22. Kh1 Bh5 23. g4 Bg6 24. Rae1 Rxa2
25. Bd3 h6 26. h4 f4 27. Bxf4 Bxd3 28. Bxe5+ Kg6 29. cxd3 {Zufic,M (2439)
-Solomunovic,I (2418)/Zupanja 2009/CBM 129 Extra/1-0 (48)}) 15. Qxe5 Qc5 16.
Bb3 Bd7 17. Be3 Qa5+ 18. Kf2 Rg8 19. Rhe1 g6 20. Rad1 f6 21. Qe4 Kf7 {1-0
Zaitsev,I (2460)-Kiselev,S (2525)/Moscow 1996/EXT 2000}) 10... a6 ({It was
possible was to try to complete the development:} 10... e6 11. Rab1 Be7) 11.
Nd5 axb5 ({Possible was the other capture:} 11... Nxd5 12. exd5 axb5 13. Bxb5
Bd7 14. dxc6 bxc6 15. Bd3 g6 16. Bd2 Qc5 {and Black will complete his
development soon.}) 12. Bb6 Nxd5 ({The other queen sacrifice was playable:} 
12... bxc4 13. Bxa5 Rxa5 14. Qxc4 Rc5 15. Qb3 Nxe4 {, but the game would
become seriously unpredictable.}) 13. Bxa5 bxc4 14. exd5 Nxa5 15. Rab1 ({
More logical would be the concentration on the attack of the king:} 15. f4 g6
16. Rae1) 15... e6 16. Rb5 $5 (16. dxe6 Bxe6 17. f4 {was better, but White
wants to obtain an attack on the b-file, exploiting the dubious position of
the knight on a5.}) 16... Bd7 17. Rfb1 Bxb5 (17... Be7 $1 {would be a cool
reaction to the opponent's tricks.}) 18. Rxb5 Be7 19. Qe1 b6 (19... Bd8 20.
dxe6 g6 21. f4 f5 {is not recommended, the king stays in the centre.}) 20. dxe6
O-O 21. Rxb6 Rfc8 $6 (21... d5 $1 {was very simple and logical - the central
pawns must control the centre.}) 22. g3 (22. exf7+ Kxf7 23. Qe4 {was very good
immediately, but the move in the game is correct too.}) 22... h6 23. exf7+ Kxf7
24. Qe4 Kf8 ({After} 24... Bf6 25. Qd5+ Kg6 26. Rxd6 {Black wuold have
problems with the king and the knight.}) 25. Ra6 $1 {This move destroys
completely the coordination of Black's pieces - the position is lost.} d5 26.
Qf5+ Ke8 27. Rxa5 Rxa5 28. Qxc8+ Kf7 29. Qf5+ Ke8 30. Qc8+ Kf7 31. Qd7 Rxa2 (
31... Rc5 {was slightly more stubborn, but anyhow the queen is much stronger
in this position.}) 32. Qxd5+ Kf8 33. Qf5+ Bf6 34. Qc5+ Ke8 35. Qc8+ Ke7 36.
Qxc4 {He should have resigned here. It is not possible to create any defensive
line against two possible passed pawns.} Ra1+ 37. Kg2 Kd6 38. Qb4+ Kc7 39. Qc5+
Kd7 40. Qb5+ Kc7 41. c4 Ra2 42. c5 Rb2 43. Qd3 Rb4 44. Qd6+ Kc8 45. h4 Rb7 46.
c6 Rc7 47. h5 Kb8 48. f4 Be7 49. Qe5 Bf6 50. Qc5 Be7 51. Qb5+ Kc8 52. Qa4 Kb8
53. Qb3+ Ka7 54. Qa2+ 1-0